00448cam a22001572 4500001001100000005001700011008004100028020001200069040001500081050001800096110006600114245004500180260002700225300001100252650002700263000000131620151217155808.0070305s xx 000 0 eng d cKES 900 aKABUcKABU 0aHB171.5b.S772 aStrathmore University.bDistance Learning Centre.@000015076910aEconomics :bsubject no. 3 revision kit. aNairobi :bSUP,c2006. a214 p. 0aEconomics.@0000148279